000008565 001__ 8565 000008565 005__ 20260410135215.0 000008565 0247_ $$2DOI$$a10.6083/bg257f64n 000008565 037__ $$aIR 000008565 041__ $$aeng 000008565 245__ $$aResearch Week 2020 abstract book 000008565 260__ $$bOregon Health and Science University 000008565 269__ $$a2020-08-26 000008565 336__ $$aBook 000008565 520__ $$aOHSU Research Week is an annual university-wide event that celebrates research performed by students, faculty, postdocs, and staff across all schools, centers, institutes and education programs. For more information, please see the <a href="https://www.ohsu.edu/research-week">Research Week webpage</a> 000008565 540__ $$fCC BY 000008565 542__ $$fCopyright unknown 000008565 6531_ $$aresearch week 000008565 7001_ $$aVarious$$uOregon Health and Science University$$041354 000008565 711__ $$aResearch Week$$uOregon Health and Science University$$d2020 000008565 8564_ $$9f13bfa0f-4d79-4cd9-94f1-b04e347ae4db$$s2154595$$uhttps://digitalcollections.ohsu.edu/record/8565/files/ResearchWeek2020-Abstracts-Book%282%29.pdf$$ePublic$$2f87891fde2fd014418dfcd7d8eb147e6$$31 000008565 901__ $$a<p>These documents are archival records. They are retained for historical reference only. </p><p><b>Need an accessible version? Use the ‘Get Accessible Copy’ link above.</b></p> 000008565 905__ $$a/rest/prod/bg/25/7f/64/bg257f64n 000008565 956__ $$aGet Accessible Copy$$uhttps://ohsu.libwizard.com/f/requestaccessibledocument 000008565 980__ $$aResearch Week